000 01694nam a2200505 i 4500
001 38150
003 KOSZ 005
005 20190807091326.0
008 000816s2000 pl a f f |000 0 pol
015 _aPB 2000/15113
020 _a8372071012
035 _a991014510949705066
035 _a(PL-WaBN)b13901965-48omnis_nlop
035 _ab13901965
035 _a(OCoLC)749673846
035 _a(PL)b0000001390196
035 _a(EXLNZ-48OMNIS_NETWORK)9910002302105606
040 _aWA N
_cWA N
_dKOSZ 005/HR
041 0 _apol
046 _k2000
080 _a005.51
080 _a658.2
080 _a(075.8)
100 1 _aFijałkowski, Janusz
_d(1930- )
_eAutor
245 1 0 _aTransport wewnętrzny w systemach logistycznych :
_bwybrane zagadnienia /
_cJanusz Fijałkowski.
260 _aWarszawa :
_bOficyna Wydawnicza Politechniki Warszawskiej,
_c2000.
300 _a265 s., [2] k. tabl. złoż. :
_bil. ;
_c24 cm.
336 _2rdacontent
_aTekst
_btxt
337 _2rdamedia
_aBez urządzenia pośredniczącego
_bn
338 _2rdacarrier
_aWolumin
_bnc
380 _aKsiążki
380 _aPublikacje dydaktyczne
385 _mPoziom nauczania
_aSzkoły wyższe
388 _a1901-2000
388 _a1989-2000
504 _aBibliogr.
650 7 _aLogistyka gospodarcza
_2DBN
650 7 _aTransport wewnętrzny
_2DBN
655 7 _aPodręczniki akademickie
_2DBN
658 _aTransport i logistyka
710 2 _aOficyna Wydawnicza Politechniki Warszawskiej
_4pbl
856 _uhttp://koha.tu.koszalin.pl/cgi-bin/koha/opac-detail.pl?biblionumber=38150
_yKatalog onkine BPK
942 _2UKD
_cKS
999 _c38150
_d38150